| 000 | 00544nam a2200205 4500 | ||
|---|---|---|---|
| 003 | LK-CoMWRAF | ||
| 005 | 20231109100634.0 | ||
| 008 | 230825b1997 |||||||| |||| 00| 0 eng d | ||
| 020 | _a809230798 | ||
| 040 |
_aLK-CoMWRAF _dLK-CoMWRAF _eLK-CoMWRAF |
||
| 041 | _aeng | ||
| 082 |
_a158.1 _b SNY |
||
| 100 | _aSnyder, Rachel | ||
| 245 | _a365 words of well-being for women | ||
| 260 |
_aIllinois: _bContemporary books, _c1997 |
||
| 300 | _axvi,365 p. | ||
| 650 | _aWOMEN-PSYCHOLOGY-MISCELLANEA | ||
| 650 | _aSelf-actualization | ||
| 942 | _cBK | ||
| 999 |
_c3266 _d3266 |
||